000 00526nam a2200205Ia 4500
003 OSt
005 20220928144323.0
006 a|||||r|||| 00| 0
007 ta
008 220927b |||||||| |||| 00| 0 hin d
024 _a64606
037 _cTextual
040 _aSDCL
_cSDCL
_bhin
041 _2hin
_ahin
082 _aO115,2M28,3, 152K6
100 _aIbsen Henrik Au.
_9507582
245 0 _aGudiya ka ghar
942 _hO115,2M28,3, 152K6
_cTEXL
_2CC
999 _c827001
_d827001